000 00769nam0a22002771 4500
001 2565163
005 20251118181739.5
021 _aRU
_b80-7808
035 _a(NLR Aleph) 006449770
090 _a5726263
_c5726263
100 _a20110316d1979 u y0rusy50 ca
101 1 _arus
_aeng
_cukr
102 _aRU
105 _ay z |||||
200 1 _aUnder a false mandate
_fLes Topolchuk
_gTransl. from the Ukr. by George Sklyar
210 _aKiev
_cUkraina
_d1979
215 _a48 с.
_d17
686 _aТ3(2Ук)73-494,02
_2rubbk
700 1 _aТопольчук
_bЛ.
_gЛес
702 1 _aSklyar
_bG.
_gGeorge
_4730
801 0 _aRU
_bNLR
_gpsbo
801 1 _aRU
_bELAR
_2rusmarc
852 _aNLR
_jDesideratum
899 _aRuMoRGB
_jM 80-13/41
942 _cBOOK
980 _aNB